000 00318nam a2200109Ia 4500
008 221009s9999 xx 000 0 und d
082 _a891.431/KUS/P
100 _aकुसुमाग्रज
_945128
245 0 _aआनन्‍दलोक
260 _bआलोकपर्व प्रकाशन
942 _cBK
999 _c65079
_d65079